<?xml version="1.0" encoding="UTF-8"?>
<record
    xmlns:xsi="http://www.w3.org/2001/XMLSchema-instance"
    xsi:schemaLocation="http://www.loc.gov/MARC21/slim http://www.loc.gov/standards/marcxml/schema/MARC21slim.xsd"
    xmlns="http://www.loc.gov/MARC21/slim">

  <leader>00306nam a2200133Ia 4500</leader>
  <controlfield tag="008">191201s2004    xx            000 0 und d</controlfield>
  <datafield tag="100" ind1=" " ind2=" ">
    <subfield code="a">MOTIHAR,M</subfield>
  </datafield>
  <datafield tag="245" ind1=" " ind2="0">
    <subfield code="a">Business Organisation</subfield>
  </datafield>
  <datafield tag="250" ind1=" " ind2=" ">
    <subfield code="a">Rep</subfield>
  </datafield>
  <datafield tag="260" ind1=" " ind2=" ">
    <subfield code="a">N. Delhi</subfield>
    <subfield code="b">Vrinda Publications</subfield>
    <subfield code="c">2004</subfield>
  </datafield>
  <datafield tag="300" ind1=" " ind2=" ">
    <subfield code="a">677</subfield>
  </datafield>
  <datafield tag="650" ind1=" " ind2=" ">
    <subfield code="a">MBA</subfield>
  </datafield>
  <datafield tag="942" ind1=" " ind2=" ">
    <subfield code="2">ddc</subfield>
    <subfield code="c">BK</subfield>
  </datafield>
  <datafield tag="999" ind1=" " ind2=" ">
    <subfield code="c">4799</subfield>
    <subfield code="d">4799</subfield>
  </datafield>
  <datafield tag="952" ind1=" " ind2=" ">
    <subfield code="0">0</subfield>
    <subfield code="1">0</subfield>
    <subfield code="2">ddc</subfield>
    <subfield code="4">0</subfield>
    <subfield code="7">0</subfield>
    <subfield code="8">MBA</subfield>
    <subfield code="a">PIET</subfield>
    <subfield code="b">PIET</subfield>
    <subfield code="d">2011-02-16</subfield>
    <subfield code="e">J B C, New Delhi</subfield>
    <subfield code="g">165.00</subfield>
    <subfield code="k">IS2009 RS 123.90</subfield>
    <subfield code="l">5</subfield>
    <subfield code="o">658.4 MOB</subfield>
    <subfield code="p">17314</subfield>
    <subfield code="r">2025-09-18 00:00:00</subfield>
    <subfield code="s">2025-09-10</subfield>
    <subfield code="w">2011-02-15</subfield>
    <subfield code="y">BK</subfield>
  </datafield>
  <datafield tag="952" ind1=" " ind2=" ">
    <subfield code="0">0</subfield>
    <subfield code="1">0</subfield>
    <subfield code="2">ddc</subfield>
    <subfield code="4">0</subfield>
    <subfield code="7">0</subfield>
    <subfield code="8">MBA</subfield>
    <subfield code="a">PIET</subfield>
    <subfield code="b">PIET</subfield>
    <subfield code="d">2011-02-16</subfield>
    <subfield code="e">J B C, New Delhi</subfield>
    <subfield code="g">165.00</subfield>
    <subfield code="k">IS2009 RS 123.90</subfield>
    <subfield code="l">5</subfield>
    <subfield code="o">658.4 MOB</subfield>
    <subfield code="p">17315</subfield>
    <subfield code="r">2025-10-31 00:00:00</subfield>
    <subfield code="s">2025-10-17</subfield>
    <subfield code="w">2011-02-15</subfield>
    <subfield code="y">BK</subfield>
    <subfield code="z">.</subfield>
  </datafield>
  <datafield tag="952" ind1=" " ind2=" ">
    <subfield code="0">0</subfield>
    <subfield code="1">0</subfield>
    <subfield code="2">ddc</subfield>
    <subfield code="4">0</subfield>
    <subfield code="7">0</subfield>
    <subfield code="8">MBA</subfield>
    <subfield code="a">PIET</subfield>
    <subfield code="b">PIET</subfield>
    <subfield code="d">2011-02-16</subfield>
    <subfield code="e">J B C, New Delhi</subfield>
    <subfield code="g">165.00</subfield>
    <subfield code="k">IS2009 RS 123.90</subfield>
    <subfield code="l">2</subfield>
    <subfield code="o">658.4 MOB</subfield>
    <subfield code="p">17316</subfield>
    <subfield code="r">2021-08-19 00:00:00</subfield>
    <subfield code="s">2021-02-09</subfield>
    <subfield code="w">2011-02-15</subfield>
    <subfield code="y">BK</subfield>
  </datafield>
  <datafield tag="952" ind1=" " ind2=" ">
    <subfield code="0">0</subfield>
    <subfield code="1">0</subfield>
    <subfield code="2">ddc</subfield>
    <subfield code="4">0</subfield>
    <subfield code="7">0</subfield>
    <subfield code="8">MBA</subfield>
    <subfield code="a">PIET</subfield>
    <subfield code="b">PIET</subfield>
    <subfield code="d">2011-02-16</subfield>
    <subfield code="e">J B C, New Delhi</subfield>
    <subfield code="g">165.00</subfield>
    <subfield code="k">IS2009 RS 123.90</subfield>
    <subfield code="l">3</subfield>
    <subfield code="o">658.4 MOB</subfield>
    <subfield code="p">17317</subfield>
    <subfield code="r">2025-12-08 00:00:00</subfield>
    <subfield code="s">2025-11-21</subfield>
    <subfield code="w">2011-02-15</subfield>
    <subfield code="y">BK</subfield>
  </datafield>
</record>
